Estatísticas para Estados do Brasil por Fronteiras em 20 Segundos

Clique aqui para jogar o quiz

Estatísticas Gerais

  • Esse quiz foi jogado 48 747 vezes
  • A pontuação média é 19 de 27

Respostas no mapa

Respostas codificadas por cores de uma escala verde-vermelha no mapa do quiz de acordo com a % correta abaixo.
 

Estatísticas das Respostas

Estado% Correto
Minas Gerais
93%
Amazonas
89%
Espírito Santo
89%
Mato Grosso
89%
Pará
89%
São Paulo
86%
Tocantins
85%
Rio de Janeiro
84%
Bahia
82%
Mato Grosso do Sul
82%
Goiás
81%
Rondônia
80%
Roraima
80%
Acre
76%
Piauí
71%
Paraná
70%
Pernambuco
68%
Maranhão
65%
Amapá
62%
Alagoas
59%
Santa Catarina
56%
Distrito Federal
53%
Ceará
51%
Sergipe
49%
Rio Grande do Sul
48%
Paraíba
44%
Rio Grande do Norte
32%

Distribuição das Pontuações

Percentil de Números Respondidos

Porcentagem de Pessoas com Cada Pontuação

Sua Pontuação Histórica

Você não jogou esse quiz